Statistics for History of D. R. Congo 🇨🇩

Click here to take the quiz!

General Stats

  • This quiz has been taken 10 times
  • The average score is 12 of 25

Answer Stats

HintAnswer% Correct
Authority over the Congo was transferred to this country in 1908Belgium
100%
River that flows past most of the Congo BasinCongo River
100%
Monarch who made the Congo his personal fiefdom in 1885Leopold II
88%
In 1971, the above leader changed his country's name to...Republic of Zaire
88%
1994 genocide in a neighboring country that led to unrest in the eastRwandan Genocide
88%
Trans-Atlantic trade that kidnapped over four million people from the regionSlave Trade
88%
The DRC gained independence on June 30 of this year1960
75%
Name of the Congo state under rule of the aboveCongo Free State
75%
Army commander who seized control of the country in a 1965 coup
Mobutu Sese Seko
75%
This MNC leader became the DRC's first prime ministerPatrice Lumumba
63%
On 11 July, this richest province seceded from the CongoKatanga
50%
UN Secretary-general shot down on a mission to the Congo in 1961Dag Hammarskjöld
38%
This ABAKO leader became the DRC's first presidentJoseph Kasa-Vubu
38%
Pre-colonial kingdom of western Congo between the 14th and 19th centuriesKingdom of Kongo
38%
Son of the above leader who succeeded as president and called for ceasefireJoseph Kabila
25%
Leader of the above war who became president and restored the DRCLaurent Kabila
25%
Leader of the above secession, later prime minister of the CongoMoise Tshombe
25%
1963-1965 rebellion that proclaimed a communist republic in eastern CongoSimba Rebellion
25%
Term for an African who received European education or assimilationÉvolué
13%
Leader elected president of the DRC in 2018Félix Tshisekedi
13%
1996-1997 war started by Tutsis that removed the above leader from powerFirst Congo War
13%
Group of states in eastern Congo between the 15th and 19th centuriesLuba-Lunda States
13%
Term for a community-based militia group active in the DRCMai-Mai
13%
1998-2003 war during which the above leader was assassinated in 2001Second Congo War
13%
State ideology aiming to create a centralized national identityAuthenticité
0%

Score Distribution

Percentile by Number Answered

Percent of People with Each Score

Your Score History

You have not taken this quiz